000 00675nam a2200193 a 4500
001 000035420
005 20200930074329.0
008 111031s1943 mx 000 0 spa d
040 _aDO-SdBNP
_bspa
_cBNPHU
082 _axxxx
_bxxxx
100 1 _aKahler, Erich
_961253
245 1 0 _aHistoria universal del hombre /
_cErich Kahler.
260 _aMéxico, :
_bFondo de cultura econónica,
_c1943.
300 _a605 p. :
_b24 cm.
590 _aPerteneció a la biblioteca personal de Juan Isidro Jimenes Grullón.
500 _aIncluye índice analítico
504 _aIncluye referencias bibliográficas y notas al pie de las páginas
504 _aBibliografía : p. 561-584
999 _c34911
_d34911